000
003060000a22001450004500
003
MACL
040
_a
MACL
090
_c
33126
_d
33124
100
_a
Khanna, Sharma
245
_a
General Knowledge
260
_b
Kumar Publications
_c
2002
350
_a
60
650
_a
Generalities
942
_c
BOOK
_k
001/KHA
999
_c
32784
_d
32784